| 000 | 00943cam a22002775a 4500 | ||
|---|---|---|---|
| 003 | EG-ScBUE | ||
| 005 | 20220512102805.0 | ||
| 008 | 100920s2005 enk f d 000 0 eng d | ||
| 020 | _a9780198610786 | ||
| 020 | _a0198610785 | ||
| 040 |
_aEG-ScBUE _beng _erda _cEG-ScBUE _dEG-ScBUE |
||
| 082 | 0 | 4 |
_a423 _bPAP _222 |
| 245 | 0 | 0 |
_aPaperback Oxford large print dictionary, thesaurus, and wordpower guide / _cedited by Sara Hawker. |
| 264 | 1 |
_aOxford : _bOxford University Press, _c2005. |
|
| 300 |
_a1272 pages ; _c23 cm |
||
| 336 |
_2rdacontent _atext _btxt |
||
| 337 |
_2rdamedia _aunmediated _bn |
||
| 338 |
_2rdacarrier _avolume _bnc |
||
| 650 | 7 |
_aEnglish language _vDictionaries. _2BUEsh _919595 |
|
| 650 | 7 |
_aEnglish language _xSynonyms and antonyms _vDictionaries. _2BUEsh _919596 |
|
| 651 | _2BUEsh | ||
| 653 |
_bHHUUEENN _cOctober2018 |
||
| 655 |
_vReading book _934232 |
||
| 700 | 1 |
_aHawker, Sara, _eeditor. _919598 |
|
| 942 |
_2ddc _cREFERENCE |
||
| 999 |
_c2067 _d2067 |
||